00585 2200205 4500001002100000005001500021035002000036007000300056008004100059082000900100084001600109100003300125245007800158250000600236260004000242300002900282020002200311650002900333990001700362INLIS00000000000156520260422075002 a0010-1123000196ta260422 j 1 ind  a813k a813k AME m0 aAmeera Myiesha ( Pengarang )1 aMari Warnai Dunia :bpenulis terepilih wondeerland kids /cAmeera Myiesha a- aJakarta :bWonderland Publisher,c- a261 :bilus. ;c14 cme- a978-623-90415-3-3 4aFiksi - Bacaan anak-anak a00125/K/2022